书目信息 |
| 题名: |
MBA/MPA/MPAcc联考与经济类联考同步复习指导系列
|
|
| 作者: | 孙勇 编著 | |
| 分册: | 逻辑分册 | |
| 出版信息: | 北京 机械工业出版社 2015 |
|
| 页数: | 541页 | |
| 开本: | 26cm | |
| 丛书名: | MBA/MPA/MPAcc联考与经济类联考同步复习指导系列 | |
| 单 册: | ||
| 中图分类: | B81 , G643.6 | |
| 科图分类: | ||
| 主题词: | 逻辑--Luo Ji--研究生--入学考试--自学参考资料 , 研究生--Yan Jiu Sheng--入学考试--自学参考资料 | |
| 电子资源: | ||
| ISBN: | 978-7-111-49641-0 | |
| 000 | 01517nam 2200313 45 | |
| 001 | 012001008815 | |
| 005 | 20191029090550.25 | |
| 010 | @a978-7-111-49641-0@dCNY69.80 | |
| 099 | @aCAL 012015034651 | |
| 100 | @a20150402d2015 em y0chiy50 ea | |
| 101 | 0 | @achi |
| 102 | @aCN@b110000 | |
| 105 | @ak zq 000yy | |
| 106 | @ar | |
| 200 | 1 | @aMBA/MPA/MPAcc联考与经济类联考同步复习指导系列@AMBA/MPA/MPAcc Lian Kao Yu Jing Ji Lei Lian Kao Tong Bu Fu Xi Zhi Dao Xi Lie@i逻辑分册@e2016版@f孙勇等编著 |
| 205 | @a第14版 | |
| 210 | @a北京@c机械工业出版社@d2015 | |
| 215 | @a541页@d26cm | |
| 225 | 2 | @aMBA/MPA/MPAcc联考与经济类联考同步复习指导系列@AMBA/MPA/MPAcc Lian Kao Yu Jing Ji Lei Lian Kao Tong Bu Fu Xi Zhi Dao Xi Lie |
| 300 | @a考试名家指导 全新改版 | |
| 330 | @a本书根据最新管理类专业学位硕士联考考试大纲的要求,以最新2015年管理类联考试题作为导入,参照经济类考试大纲,对大纲中的知识点逐条讲解,并根据历年MBA和管理类联考试题对大纲知识点的应用给予了详细解释。在此基础上,结合我国MBA、MPA、MPAcc逻辑考试历年试题特点,将逻辑考试的本质定义为“汉语的阅读理解”,并且将历年试题分为不同的类型,如结论型、削弱加强型等,根据不同题型给出具体的解题思路和特别关注的内容。 | |
| 410 | 0 | @12001@@aMBA/MPA/MPAcc联考与经济类联考同步复习指导系列 |
| 606 | 0 | @a逻辑@ALuo Ji@x研究生@x入学考试@j自学参考资料 |
| 606 | 0 | @a研究生@AYan Jiu Sheng@x入学考试@j自学参考资料 |
| 690 | @aB81@v5 | |
| 690 | @aG643.6@v5 | |
| 701 | 0 | @a孙勇@ASun Yong@4编著 |
| 801 | 2 | @aCN@b上海新华@c20191020 |
| 905 | @b1185941-4@dB81@e270=14@f4 | |
| MBA/MPA/MPAcc联考与经济类联考同步复习指导系列.逻辑分册:2016版/孙勇等编著.-第14版.-北京:机械工业出版社,2015 |
| 541页;26cm.-(MBA/MPA/MPAcc联考与经济类联考同步复习指导系列) |
| 考试名家指导 全新改版 |
| ISBN 978-7-111-49641-0:CNY69.80 |
| 本书根据最新管理类专业学位硕士联考考试大纲的要求,以最新2015年管理类联考试题作为导入,参照经济类考试大纲,对大纲中的知识点逐条讲解,并根据历年MBA和管理类联考试题对大纲知识点的应用给予了详细解释。在此基础上,结合我国MBA、MPA、MPAcc逻辑考试历年试题特点,将逻辑考试的本质定义为“汉语的阅读理解”,并且将历年试题分为不同的类型,如结论型、削弱加强型等,根据不同题型给出具体的解题思路和特别关注的内容。 |
| ● |
| 相关链接 |
|
|
|
|
正题名:MBA/MPA/MPAcc联考与经济类联考同步复习指导系列
索取号:B81/270=14
 
预约/预借
| 序号 | 登录号 | 条形码 | 馆藏地/架位号 | 状态 | 备注 |
| 1 | 1185941 | 211859416 | 第一样本阅览室/ [索取号:B81/270=14] | 在馆 | |
| 2 | 1185942 | 211859425 | 第一借阅区/ [索取号:B81/270=14] | 在馆 | |
| 3 | 1185943 | 211859434 | 第一借阅区/ [索取号:B81/270=14] | 在馆 | |
| 4 | 1185944 | 211859443 | 第一借阅区/ [索取号:B81/270=14] | 在馆 |